| 000 | 00000nam 2200000zi 4500 |
| 001 | 9.888511 |
| 003 | CaOODSP |
| 005 | 20240522111712 |
| 006 | m o d f |
| 007 | cr bn||||||||| |
| 008 | 200619e20080530oncd ob f000 0 eng d |
| 040 | |aCaOODSP|beng|erda|cCaOODSP |
| 043 | |an-cn--- |
| 086 | 1 |aIu76-20/2008E-PDF |
| 100 | 1 |aSarra, Janis Pearl,|d1954- |eauthor. |
| 245 | 10|aEconomic rehabilitation : |bunderstanding the growth in consumer proposals / |cDr. Janis Sarra. |
| 264 | 1|a[Ottawa] : |b[Office of the Superintendent of Bankruptcy], |cMay 30, 2008. |
| 300 | |a1 online resource (54 pages) : |bgraphs |
| 336 | |atext|btxt|2rdacontent |
| 337 | |acomputer|bc|2rdamedia |
| 338 | |aonline resource|bcr|2rdacarrier |
| 500 | |aDigitized edition from print [produced by Innovation, Science and Economic Development Canada]. |
| 500 | |aIssued also in French under title: Redressement économique : comprendre l'augmentation du nombre de propositions de consommateur en vertu de la législation canadienne sur l'insolvabilité. |
| 504 | |aIncludes bibliographical references. |
| 650 | 0|aBankruptcy|zCanada. |
| 650 | 0|aDebtor and creditor|zCanada. |
| 650 | 0|aConsumer credit|zCanada. |
| 710 | 1 |aCanada. |bOffice of the Superintendent of Bankruptcy, |eissuing body. |
| 775 | 08|tRedressement économique : |w(CaOODSP)9.911500 |
| 856 | 40|qPDF|s14.76 MB|uhttps://publications.gc.ca/collections/collection_2022/isde-ised/Iu76-20-2008-eng.pdf |